Normal view
MARC view
Entry Topical Term
001 - CONTROL NUMBER
- control field: 11979
003 - CONTROL NUMBER IDENTIFIER
- control field: BD-RjUL
005 - DATE AND TIME OF LATEST TRANSACTION
- control field: 20240229114441.0
008 - FIXED-LENGTH DATA ELEMENTS
- fixed length control field: 240229|| aca||aabn | a|a d
040 ## - CATALOGING SOURCE
- Original cataloging agency: BD-RjUL
- Transcribing agency: BD-RjUL
150 ## - HEADING--TOPICAL TERM
- Topical term or geographic name entry element: Persian literature
- Chronological subdivision: 750-1258
670 ## - SOURCE DATA FOUND
- Source citation: Work cat.: (BD-RjUL)83187: Nasir al-Din نصير الدين 11978, حدايق البلاغة / Ḥadāʼiq al-balāghah /, 1923